| 000 | 00766cam a2200217 4500 | ||
|---|---|---|---|
| 001 | WB3549-09 | ||
| 008 | 000000n1999 000 0 eng u | ||
| 035 | _a(Sirsi) u103173 | ||
| 245 | _aOccupancy cost plan for primary schools | ||
| 260 | _c1999 | ||
| 490 |
_aBCIS Press Release _vDecember 1999 (2) |
||
| 520 | _aThe latest BMI Special Report (283) has been published looking at occupancy costs of primary schools. The report indicates that it can take only 12 years for the occupancy costs of a primary school to exceed the initial capital cost. | ||
| 590 | _aWB | ||
| 650 | _aBCIS | ||
| 650 | _aBMI | ||
| 650 | _aOCCUPANCY COSTS | ||
| 650 | _aPRIMARY SCHOOLS | ||
| 650 | _aSPECIAL REPORTS | ||
| 690 | _aBUILT ENVIRONMENT-BUILDING COSTS | ||
| 942 | _n0 | ||
| 999 |
_c62010 _d62010 |
||